Districts in Johor - Statistics

General Stats
  • This quiz has been taken 10 times
  • The average score is 7 of 9
Answer Stats
Hint Answer % Correct
5 Johor Bahru
89%
2 Kota Tinggi
78%
1 Mersing
78%
3 Muar
78%
8 Pontian
78%
6 Kluang
67%
9 Segamat
67%
7 Tangkak
67%
4 Batu Pahat
56%
No matching quizzes found
Score Distribution
Percent of People with Each Score
Percentile by Number Answered
Your Score History
You have not taken this quiz